Axis-Occupied Countries of WWII - Statistics

General Stats
  • This quiz has been taken 144 times
  • The average score is 54 of 69
Answer Stats
% Country % Correct
86 France
97%
100 Norway
96%
100 Italy
93%
< 1 United Kingdom (Channel Islands)
93%
100 Japan
92%
10 Russia
92%
100 Poland
90%
100 Austria
89%
100 Estonia
89%
100 Finland
89%
100 Latvia
89%
100 Serbia
89%
100 Albania
88%
100 Belgium
88%
100 Bulgaria
88%
2 Denmark
88%
100 Germany
88%
100 Greece
88%
100 Hungary
88%
100 Slovakia
88%
30 China
87%
100 Croatia
87%
100 Czech Republic
87%
100 Lithuania
87%
100 Netherlands
87%
100 Romania
87%
100 Ukraine
85%
40 Egypt
83%
100 Slovenia
83%
100 Bosnia and Herzegovina
82%
100 Luxembourg
82%
< 1 India (Andaman & Nicobar Islands)
81%
95 Indonesia
81%
100 Libya
81%
100 Thailand
81%
< 1 United States (Aleutian Islands / Guam)
81%
100 Vietnam
81%
100 Belarus
80%
< 1 Australia (Christmas Island)
79%
? Laos
79%
100 Montenegro
79%
100 Cambodia
77%
100 Tunisia
75%
100 North Korea
73%
100 Philippines
73%
100 Singapore
73%
100 South Korea
73%
100 Kosovo
72%
100 Malaysia
72%
100 Myanmar
72%
100 Ethiopia
70%
100 Taiwan
68%
100 Macedonia
65%
100 Moldova
65%
100 Brunei
63%
100 Monaco
63%
90 Papua New Guinea
63%
? Solomon Islands
62%
100 Eritrea
61%
< 5 Sudan
61%
100 Marshall Islands
59%
100 Somalia
59%
100 Iraq
58%
100 Palau
58%
100 East Timor
57%
100 Fed. States of Micronesia
57%
? Kiribati
55%
< 5 Kenya
53%
100 Nauru
53%
No matching quizzes found
Score Distribution
Percent of People with Each Score
Percentile by Number Answered
Your Score History
You have not taken this quiz